ბათუმის შოთა რუსთაველის სახელმწიფო უნივერსიტეტის ბიბლიოთეკა

რაფიელ ერისთავი 200 = Raphiel Eristavi 200 / (ბიბ.ჩანაწერი № 63729)

000 -ლიდერი
ფიქსირებული სიგრძის საკონტროლო ველი 02028nam a22002417a 4500
003 - საკონტროლო ნომრის იდენტიფიკატორი
საკონტროლო ველი Ge_BSU
005 - ბოლო ოპერაციის თარიღი და დრო
საკონტროლო ველი 20251216200906.0
008 - ფიქსირებული სიგრძის მონაცემთა ელემენტები - ზოგადი ინფორმაცია
ფიქსირებული სიგრძის საკონტროლო ველი 251216s2024 ge ||||| |||| 00| 0 geo d
020 ## - წიგნის საერთაშორისო სტანდარტული ნომერი
International Standard Book Number 9789941986789
041 ## - ენის კოდი
Language code of text/sound track or separate title geo
080 ## - უნივერსალური ათობითი კლასიფიკაციის ინდექსი
Universal Decimal Classification number 821.353.1(092) კ-36
245 ## - ცნობა სათაურის შესახებ
Title რაფიელ ერისთავი 200 = Raphiel Eristavi 200 /
Statement of responsibility, etc პროექტის იდეისა და კონცეფციის ავტორი ეკა კაჭარავა; რედაქტორები: თინათინ ღუდუშაური, თეა თვალავაძე; ტექსტის რედაქტორი თამარ შარაბიძე; თარგმანი ინგლისურ ენაზე ანა ყიფიანი, სომხური ენიდან ნათია ჩანტლაძე; დიზაინი-დაკაბადონება ფატი გაგულია.
264 ## - წარმოების, გამოცემის, დისტრიბუციის და სხვა ცნობები
გამოცემის, წარმოების, დისტრიბუციის... ადგილი თბილისი :
გამოცემის, წარმოების, დისტრიბუციის... სახელწოდება საქართველოს უნივერსიტეტის გამომცემლობა : საქართველოს პარლამენტის ეროვნული ბიბლიოთეკა,
გამოცემის, წარმოების, დისტრიბუციის... თარიღი 2024.
300 ## - ფიზიკური აღწერა
Extent 315 გვ. :
Other physical details ფოტ. ;
Dimensions 33 სმ.
700 ## - ADDED ENTRY--PERSONAL NAME
Personal name კაჭარავა, ეკა
Relator term იდეის ავტორი
9 (RLIN) 26535
700 ## - ADDED ENTRY--PERSONAL NAME
Personal name ღუდუშაური, თინათინ
Relator term რედაქტორი
9 (RLIN) 26536
700 ## - ADDED ENTRY--PERSONAL NAME
Personal name თვალავაძე, თეა
Relator term რედაქტორი
9 (RLIN) 19431
700 ## - ADDED ENTRY--PERSONAL NAME
Personal name შარაშიძე, თამარ
Relator term ტექსტის რედაქტორი
9 (RLIN) 26537
700 ## - ADDED ENTRY--PERSONAL NAME
Personal name ყიფიანი, ანა
Relator term მთარგმნელი
9 (RLIN) 26538
700 ## - ADDED ENTRY--PERSONAL NAME
Personal name ჩანტლაძე, ნათია
Relator term მთარგმნელი
9 (RLIN) 26539
700 ## - ADDED ENTRY--PERSONAL NAME
Personal name გაგულია, ფატი
Relator term დიზაინერი
9 (RLIN) 19432
942 ## - ADDED ENTRY ELEMENTS (KOHA)
Source of classification or shelving scheme
Koha item type წიგნი
ეგზემპლარები
ჩამოწერის სტატუსი დაკარგული ეგზემპლარის სტატუსი კლასიფიკაციის წყარო ან თაროზე გაწყობის სქემა დაზიანების სტატუსი არ გაიცემა მუდმივი მდებარეობა (დაცვის ადგილი) ამჟამინდელი ადგილსამყოფელი თაროზე განთავსების ადგილი შეძენის თარიღი ღირებულება, შესყიდვის ნორმალური ფასი სრული შენახვის შიფრი შტრიხკოდი ბოლო ოპერაციის თარიღი ეგზემპლარის მიმდევრობითი ნომერი (კეტერი?) Uniform Resource Identifier ფასის ძალაში შესვლის თარიღი ეგზემპლარის სახეობა საჯარო შენიშვნა
          ბათუმის შოთა რუსთაველის სახელმწიფო უნივერსიტეტის მთავარი ბიბლიოთეკა ბათუმის შოთა რუსთაველის სახელმწიფო უნივერსიტეტის მთავარი ბიბლიოთეკა წიგნსაცავი 2025-12-16 25.01 821.353.1(092) კ-36 73297 2025-12-16 73297 საჩუქარი საქართველოს ეროვნული ბიბლიოთეკისაგან 2025-12-16 წიგნი 25 ლ.